Historia de la pintura inglesa (800-1938) (Record no. 91142)

MARC details
000 -LEADER
campo de control de longitud fija 00818nam a2200229 i 4500
001 - NÚMERO DE CONTROL
campo de control 91142
003 - IDENTIFICADOR DE NÚMERO DE CONTROL
campo de control ES-MaACL
005 - FECHA Y HORA DE LA ÚLTIMA TRANSACCIÓN
campo de control 20250829062538.0
007 - CAMPO FIJO DE DESCRIPCIÓN FÍSICA--INFORMACIÓN GENERAL
campo de control de longitud fija t|
008 - DATOS DE LONGITUD FIJA--INFORMACIÓN GENERAL
campo de control de longitud fija 050127s1947 sp af |||| | spa d
080 ## - NÚMERO DE LA CLASIFICACIÓN DECIMAL UNIVERSAL
Número de la Clasificación Decimal Universal 75(420)(091)
100 1# - ENTRADA PRINCIPAL--NOMBRE DE PERSONA
Nombre de persona Leroy, Alfred.
9 (RLIN) 71795
245 10 - MENCIÓN DEL TÍTULO
Título Historia de la pintura inglesa (800-1938)
Resto del título : su evolución, sus maestros /
Mención de responsabilidad, etc. Alfred Leroy ; prefacio por André Maurois [seud.] ; [traducción de J.L.B.].
250 ## - MENCION DE EDICION
Mención de edición 1ª ed.
260 ## - PUBLICACIÓN, DISTRIBUCIÓN, ETC.
Lugar de publicación, distribución, etc. Barcelona :
Nombre del editor, distribuidor, etc. Luis de Caralt,
Fecha de publicación, distribución, etc. 1947 (
Fabricante Talleres Gráf. de la Sociedad General de Publicaciones)
300 ## - DESCRIPCIÓN FÍSICA
Extensión 253 p., 32 lám. :
Otras características físicas il. ;
Dimensiones 24 cm.
650 #4 - PUNTO DE ACCESO ADICIONAL DE MATERIA--TÉRMINO DE MATERIA
Término de materia o nombre geográfico como elemento de entrada Pintura británica-
Subdivisión de forma Historia.
9 (RLIN) 161968
700 1# - ENTRADA AGREGADA--NOMBRE PERSONAL
Nombre de persona Maurois, André,
Fechas asociadas al nombre 1885-1967
9 (RLIN) 79267
700 1# - ENTRADA AGREGADA--NOMBRE PERSONAL
Nombre de persona J. L. B.
9 (RLIN) 65770
852 ## - LOCALIZACIÓN
Ubicación ES-MaACL
Número de control de estantería C-1993
Holdings
Estatus retirado Estado de pérdida Estado de daño No para préstamo Biblioteca de origen Biblioteca actual Ubicación en estantería Fecha de adquisición Fuente de adquisición Total de préstamos Signatura topográfica completa Código de barras Visto por última vez Precio de reemplazo Tipo de ítem Koha
        Biblioteca del Ateneo de Madrid Biblioteca del Ateneo de Madrid Sala Palomar 17/01/2008     C-1993 1095159 23/02/2023 23/02/2023 Libro impreso